Score 0/25 Timer 10:00
1 Play Today
Would-Be Assassin Intended Victim % Correct
John Hinckley, Jr.Ronald Reagan
85.2%
Claus von StauffenbergAdolf Hitler
67.2%
Mehmet Ali AğcaPope John Paul II
62.1%
Fanni KaplanVladimir Lenin
54.8%
Lynnette 'Squeaky' FrommeGerald Ford
49.9%
John Flammang SchrankTheodore Roosevelt
37.9%
Jean-Marie Bastien-ThiryCharles de Gaulle
37.6%
Oscar Collazo and Griselio TorresolaHarry S. Truman
37%
Violet GibsonBenito Mussolini
35.4%
Richard LawrenceAndrew Jackson
34.2%
Vladimir ArutyunianGeorge W. Bush & Mikheil Saakashvili
33.8%
Roderick McLeanVictoria
33.5%
Guy FawkesJames I
30.2%
Would-Be Assassin Intended Victim % Correct
Marcus Sarjeant Elizabeth II
26.3%
Valerie SolanasAndy Warhol
22.1%
Michael AbramGeorge Harrison
20.8%
James HadfieldGeorge III
19.4%
Maxime BrunerieJacques Chirac
19.3%
Arthur BremerGeorge Wallace
18.2%
Lewis PowellWilliam Seward
16.3%
Dmitry KarakozovAlexander II
14.3%
Joseph Paul FranklinLarry Flynt
6.7%
Alexander BerkmanHenry Clay Frick
4.5%
Michael RiccardiAl Sharpton
4.5%
Nguyen Van TroiRobert McNamara & Henry Cabot Lodge, Jr.
4.4%
Remove Ads.
Support Sporcle.
Get the best of Sporcle when you Go Orange. This ad-free experience offers more features, more stats, and more fun while also helping to support Sporcle. Thank you for becoming a member.

You're not logged in!

Compare scores with friends on all Sporcle quizzes.
OR
Log In

Sporcle TV

Today on Sporcle TV


Watch our educational content, quiz creation guides, and fun videos on Sporcle TV.

Show Comments

Extras

Top Quizzes Today


Score Distribution

Paid Content

Your Account Isn't Verified!

In order to create a playlist on Sporcle, you need to verify the email address you used during registration. Go to your Sporcle Settings to finish the process.

Report this User

Report this user for behavior that violates our Community Guidelines.

Details: